000 00715nam a2200229Ia 4500
001 3329
003 GE_BSU
008 181216s||||||||xx |||||||||||||| ||und||
040 _cGE_BSU
080 _a620.1(075.8)
100 _aНовгородский,М.А.
245 _aИспытание материалов изделий и конструкций.
245 _bУчеб. высш. учеб. завед.
245 _cРед. Н.Н.Попова.
260 _aМ.
260 _bВысш. школа.
260 _c1971.
300 _a327 стр. 23 см. с илл.
300 _eтабл.
653 _aИспытание материалов изделий и конструкций.
942 _cBK
999 _c37370
_d37370